NLSUI OPAC header image

An introduction to sociology (Record no. 41)

MARC details
000 -LEADER
fixed length control field 00431nam a2200157Ia 4500
008 - FIXED-LENGTH DATA ELEMENTS--GENERAL INFORMATION
fixed length control field 160316s1987 xxu||||| |||| 00| 0 eng d
082 ## - DEWEY DECIMAL CLASSIFICATION NUMBER
Classification number 301.000000
Item number BHU
100 ## - MAIN ENTRY--PERSONAL NAME
Personal name Bhushan Vidya
245 ## - TITLE STATEMENT
Title An introduction to sociology
250 ## - EDITION STATEMENT
Edition statement 7th
260 ## - PUBLICATION, DISTRIBUTION, ETC.
Place of publication, distribution, etc. New Delhi
Name of publisher, distributor, etc. Kitab Mahal
Date of publication, distribution, etc. 1987
300 ## - PHYSICAL DESCRIPTION
Extent 736p
Other physical details 20 cm
Dimensions xiv
365 ## - TRADE PRICE
Price amount Rs.48
650 ## - SUBJECT ADDED ENTRY--TOPICAL TERM
Topical term or geographic name entry element 1.Society - Social Organization - Human Social Change
700 ## - ADDED ENTRY--PERSONAL NAME
Personal name Sachdeva D R
--
Holdings
Withdrawn status Lost status Damaged status Not for loan Home library Current library Shelving location Date acquired Cost, normal purchase price Total Checkouts Full call number Barcode Date last seen Price effective from Koha item type
        . . NAB Compactor 30.05.2017 48.00   301 BHU 40 30.05.2017 30.05.2017 BOOKs